000 nam a22 7a 4500
999 _c9707
_d9707
008 180206b ||||| |||| 00| 0 eng d
100 _aCarrol, L
_924
245 _aAlice in wonderland
260 _aNew Delhi
_bVikas Publication
_c1993